<?xml version="1.0" encoding="UTF-8"?>
<record
    xmlns:xsi="http://www.w3.org/2001/XMLSchema-instance"
    xsi:schemaLocation="http://www.loc.gov/MARC21/slim http://www.loc.gov/standards/marcxml/schema/MARC21slim.xsd"
    xmlns="http://www.loc.gov/MARC21/slim">

  <leader>02151nam a22003257a 4500</leader>
  <controlfield tag="003">OSt</controlfield>
  <controlfield tag="005">20260512153957.0</controlfield>
  <controlfield tag="008">251023b        |||||||| |||| 00| 0 eng d</controlfield>
  <datafield tag="022" ind1=" " ind2=" ">
    <subfield code="a">0170-8406</subfield>
  </datafield>
  <datafield tag="040" ind1=" " ind2=" ">
    <subfield code="a">English</subfield>
    <subfield code="c">tbs</subfield>
  </datafield>
  <datafield tag="041" ind1=" " ind2=" ">
    <subfield code="a">English</subfield>
  </datafield>
  <datafield tag="100" ind1=" " ind2=" ">
    <subfield code="a">Dieleman, M.</subfield>
    <subfield code="9">26451</subfield>
  </datafield>
  <datafield tag="245" ind1=" " ind2=" ">
    <subfield code="a">Using organization structure to buffer political ties in emerging markets:</subfield>
    <subfield code="b">: A case study</subfield>
    <subfield code="c">/ Marleen Dieleman, Jean J. Boddewyn</subfield>
  </datafield>
  <datafield tag="260" ind1=" " ind2=" ">
    <subfield code="b">Organization Studies</subfield>
    <subfield code="c">2012</subfield>
  </datafield>
  <datafield tag="362" ind1=" " ind2=" ">
    <subfield code="a">Organization Studies 33 (1), 71-95.</subfield>
  </datafield>
  <datafield tag="520" ind1=" " ind2=" ">
    <subfield code="a">We use and extend resource-dependence theory by analyzing how loosely coupled organizational structures facilitate the management of political ties by business groups in emerging economies. This topic is particularly salient because business groups are a prevalent organizational form in these countries, where they face both a high dependence on governments to secure key resources and a unique set of risks associated with political ties.

We identify and analyze four buffering mechanisms that enable loosely coupled business groups to protect themselves against the adverse effects of such ties. We ground and contextualize these mechanisms by relying on a longitudinal case study of the Salim Group&#x2014;a very large and well-connected Indonesian business group under the Suharto regime.

This study is particularly relevant in the context of the renewed interest in firms&#x2019; organizational structure and contributes to understanding how organizational design can shape political strategy and resilience in volatile institutional environments.</subfield>
  </datafield>
  <datafield tag="653" ind1=" " ind2=" ">
    <subfield code="a">Buffering</subfield>
  </datafield>
  <datafield tag="653" ind1=" " ind2=" ">
    <subfield code="a">Political ties</subfield>
  </datafield>
  <datafield tag="653" ind1=" " ind2=" ">
    <subfield code="a">Resource dependence</subfield>
  </datafield>
  <datafield tag="653" ind1=" " ind2=" ">
    <subfield code="a">Non-market strategy</subfield>
  </datafield>
  <datafield tag="653" ind1=" " ind2=" ">
    <subfield code="a">Indonesia</subfield>
  </datafield>
  <datafield tag="653" ind1=" " ind2=" ">
    <subfield code="a">Organizational structure</subfield>
  </datafield>
  <datafield tag="653" ind1=" " ind2=" ">
    <subfield code="a">Salim Group</subfield>
  </datafield>
  <datafield tag="653" ind1=" " ind2=" ">
    <subfield code="a">Emerging markets</subfield>
  </datafield>
  <datafield tag="653" ind1=" " ind2=" ">
    <subfield code="a">Strategy</subfield>
  </datafield>
  <datafield tag="653" ind1=" " ind2=" ">
    <subfield code="a">Crony capitalism</subfield>
  </datafield>
  <datafield tag="700" ind1=" " ind2=" ">
    <subfield code="a">Boddewyn, J.J.</subfield>
    <subfield code="9">26452</subfield>
  </datafield>
  <datafield tag="856" ind1=" " ind2=" ">
    <subfield code="u">https://bibliotheque.tbs-education.fr/Default/doc/edselc/_b64_ZWRzZWxjLjItNTIuMC04MzY1NTE5MjQ0OQ%3d%3d/using-organization-structure-to-buffer-political-ties-in-emerging-markets-a-case-study</subfield>
  </datafield>
  <datafield tag="942" ind1=" " ind2=" ">
    <subfield code="2">lcc</subfield>
  </datafield>
  <datafield tag="952" ind1=" " ind2=" ">
    <subfield code="0">0</subfield>
    <subfield code="1">0</subfield>
    <subfield code="2">lcc</subfield>
    <subfield code="4">0</subfield>
    <subfield code="7">0</subfield>
    <subfield code="a">TBS</subfield>
    <subfield code="b">TBS</subfield>
    <subfield code="d">2025-11-07</subfield>
    <subfield code="l">0</subfield>
    <subfield code="r">2025-11-07</subfield>
    <subfield code="u">https://bibliotheque.tbs-education.fr/Default/doc/edselc/_b64_ZWRzZWxjLjItNTIuMC04MzY1NTE5MjQ0OQ%3d%3d/using-organization-structure-to-buffer-political-ties-in-emerging-markets-a-case-study</subfield>
    <subfield code="w">2025-11-07</subfield>
    <subfield code="y">ARTICLE</subfield>
  </datafield>
  <datafield tag="999" ind1=" " ind2=" ">
    <subfield code="c">5158</subfield>
    <subfield code="d">5158</subfield>
  </datafield>
</record>
